000 01169nam a22003137a 4500
001 404
003 OSt
005 20250624131859.0
008 250506b |||||||| |||| 00| 0 eng d
040 _bpor
041 _heng
_apor
082 _a813
_bS544l
100 1 _aSheldon, Sidney,
_d1917-2007.
_9871
240 _aMemories of midnight
245 _aLembranças da Meia-Noite /
_cSheldon, Sidney ; Tradução de: A B. Pinheiros de Lemos
260 _a1990
_bRecord
_cRio de Janeiro
300 _a364 p.
500 _aLembranças da Meia-noite: a continuação de O outro lado da meia-noite
520 _aContinuação do grande sucesso do autor, "O Outro Lado da Meia-Noite", o livro dá sequencia aos acontecimentos ocorridos no primeiro romance, mas é uma história independente cuja personagem principal, Catherine Douglas, luta contra um destino aterrador.
650 0 _aLiteratura Americana
_984
650 0 _aSuspense
_910
650 0 _aMistério
_942
650 0 _aAmnésia
_9729
650 0 _aRomance Policial
_911
655 0 _aRomance
_923
655 0 _aFicção
_922
700 _aA. B. Pinheiro de Lemos
_eTradutor
_9109
942 _2ddc
_n0
_cBK
999 _c404
_d404